000
00263nam a2200109Ia 4500
008
190216s9999||||xx |||||||||||||| ||und||
100
_a
Robert Gover
245
0
_a
One Hundred Doller Misunderstanding Me
260
_b
Arrow Books
650
_a
English
942
_c
BK
999
_c
13315
_d
13315